000
00241nam a2200109Ia 4500
008
220216s9999 xx 000 0 und d
100
_a
Thomas K U
245
0
_a
IUT: Prayogikamo ?
260
_b
Rubber
_c
2007
300
_a
11-13.
942
_c
ML
999
_c
72803
_d
72803